Quizzes
Events
Quiz Creation
Community
Videos
Private Events
Remove Ads
Sign In
Join for FREE
Feedback
Dark Mode
Quiz Categories
Sports
Geography
Music
Movies
Television
Just For Fun
Miscellaneous
History
Literature
Language
Science
Gaming
Entertainment
Religion
Holiday
For Kids
Quiz Lab
Recent
Popular Today
Quiz Kudos Today
Editor Picks
Curator Picks
Quizzes by...
Day
Popularity
Type
Ratings
Length
Year
Community
Subscriptions
Recent Discussions
Orange Saloon
Badges
Playlists
Quests
Create
Leaderboards
Showdown
Live 5
Trivia Bingo
Activity
Puzzle Library
Sporcle Events
Private Events
Virtual Trivia
Globe League
Become a Host
Pub Owners
SporcleCon
Opinionation
Our Games
Videos
Blog
Mobile Apps
Partnerships
Remove Ads and Go Orange
Feedback
Music
Pop Music
The Beatles
Song
Album
Lyrics
Bands
Singers
Artist
Clip
Rock
Rap
Classical
Billboard
Country Music
Kpop
Taylor Swift
Music
Pop Music
The Beatles
Song
Album
Lyrics
Bands
Singers
Artist
Clip
Rock
Rap
Classical
Billboard
Country Music
Kpop
Taylor Swift
Random Quiz
Search Sporcle
×
Quiz Lab
Quiz Lab
Music
Tom Petty
Type in answers that appear in a list
Type in answers that appear in a list
Classic
Best Score? Go Orange.
Tom Petty Compilations And Live Albums Stats
Can you name the the songs from Tom Petty's compilations and live albums?
By
Kent
20m
278 Questions
224 Plays
224 Plays
224 Plays
Comments
Comments
Give Quiz Kudos
Give Quiz Kudos
-
- Ratings
hide this ad
Replay
Link that replays current quiz
Next Quiz
Link to next quiz in quiz playlist
You Got
0%
They Got
Avg Score
82%
Avg Friend Score
Upgrade to see
Score Distribution
Jump to the score distribution portion of the page
Score
0/278
Timer
20:00
0
Plays Today
Hint
Answer
% Correct
Pack Up the Plantation: Live!
American Girl
99.1%
Greatest Hits
American Girl
99.1%
Playback (The Big Jangle)
American Girl
99.1%
Anthology: Through the Years (Disc 1)
American Girl
99.1%
The Live Anthology (Disc 3)
American Girl
99.1%
New Year's Eve 1978
American Girl
99.1%
Mojo Tour Live
American Girl
99.1%
Greatest Hits
Free Fallin
98.7%
Playback (Good Booty)
Free Fallin'
98.7%
Anthology: Through the Years (Disc 2)
Free Fallin'
98.7%
The Live Anthology (Disc 4)
Free Fallin'
98.7%
Pack Up the Plantation: Live!
Refugee
97.8%
Greatest Hits
Refugee
97.8%
Greatest Hits
Runnin' Down a Dream
97.8%
Greatest Hits
Mary Jane's Last Dance
97.8%
Playback (The Big Jangle)
Refugee
97.8%
Playback (Good Booty)
Runnin' Down a Dream
97.8%
Playback (Good Booty)
Mary Jane's Last Dance
97.8%
Anthology: Through the Years (Disc 1)
Refugee
97.8%
Anthology: Through the Years (Disc 2)
Runnin' Down a Dream
97.8%
Anthology: Through the Years (Disc 2)
Mary Jane's Last Dance
97.8%
The Live Anthology (Disc 1)
Refugee
97.8%
The Live Anthology (Disc 2)
Mary Jane's Last Dance
97.8%
The Live Anthology (Disc 4)
Runnin' Down a Dream
97.8%
New Year's Eve 1978
Refugee
97.8%
Mojo Tour Live
Refugee
97.8%
Mojo Tour Live
Runnin' Down a Dream
97.8%
Greatest Hits
Don't Come Around Here No More
96.9%
Playback (Spoiled & Mistreated)
Don't Come Around Here No More
96.9%
Anthology: Through the Years (Disc 2)
Don't Come Around Here No More
96.9%
The Live Anthology (Disc 5)
Don't Come Around Here No More
96.9%
Pack Up the Plantation: Live!
Breakdown
96.4%
Greatest Hits
Breakdown
96.4%
Playback (The Big Jangle)
Breakdown
96.4%
Anthology: Through the Years (Disc 1)
Breakdown
96.4%
The Live Anthology (Disc 1)
Breakdown
96.4%
New Year's Eve 1978
Breakdown
96.4%
Mojo Tour Live
Breakdown
96.4%
Greatest Hits
I Won't Back Down
96%
Playback (Good Booty)
I Won't Back Down
96%
Anthology: Through the Years (Disc 2)
I Won't Back Down
96%
The Live Anthology (Disc 4)
I Won't Back Down
96%
Mojo Tour Live
I Won't Back Down
96%
Greatest Hits
Into the Great Wide Open
95.5%
Playback (Good Booty)
Into the Great Wide Open
95.5%
Anthology: Through the Years (Disc 2)
Into the Great Wide Open
95.5%
Pack Up the Plantation: Live!
You Got Lucky
94.2%
Greatest Hits
You Got Lucky
94.2%
Playback (Spoiled & Mistreated)
You Got Lucky
94.2%
Anthology: Through the Years (Disc 1)
You Got Lucky
94.2%
Pack Up the Plantation: Live!
The Waiting
93.3%
Greatest Hits
The Waiting
93.3%
Playback (The Big Jangle)
The Waiting
93.3%
Playback (The Big Jangle)
A Woman In Love (It's Not Me)
93.3%
Anthology: Through the Years (Disc 1)
The Waiting
93.3%
Anthology: Through the Years (Disc 1)
A Woman in Love (It's Not Me)
93.3%
The Live Anthology (Disc 2)
A Woman in Love (It's Not Me)
93.3%
The Live Anthology (Disc 4)
The Waiting
93.3%
Live 2013
A Woman in Love (It's Not Me)
93.3%
Greatest Hits
Don't Do Me Like That
92.9%
Playback (The Big Jangle)
Don't Do Me Like That
92.9%
Playback (Through the Cracks)
Don't Do Me Like That (Mudcrutch Version)
92.9%
Anthology: Through the Years (Disc 1)
Don't Do Me Like That
92.9%
Pack Up the Plantation: Live!
I Need to Know
91.5%
Greatest Hits
I Need to Know
91.5%
Greatest Hits
Learning to Fly
91.5%
Greatest Hits
Stop Draggin' My Heart Around
91.5%
Playback (The Big Jangle)
I Need to Know
91.5%
Playback (Good Booty)
Learning to Fly
91.5%
Playback (Through the Cracks)
Stop Draggin' My Heart Around (Demo)
91.5%
Anthology: Through the Years (Disc 1)
I Need to Know
91.5%
Anthology: Through the Years (Disc 1)
Stop Draggin' My Heart Around
91.5%
Anthology: Through the Years (Disc 2)
Learning to Fly
91.5%
The Live Anthology (Disc 1)
Even the Losers
91.5%
The Live Anthology (Disc 2)
Learning to Fly
91.5%
The Live Anthology (Disc 5)
I Need to Know
91.5%
New Year's Eve 1978
I Need to Know
91.5%
Greatest Hits
Even the Losers
91.1%
Greatest Hits
Here Comes My Girl
91.1%
Playback (The Big Jangle)
Here Comes My Girl
91.1%
Playback (The Big Jangle)
Even the Losers
91.1%
Anthology: Through the Years (Disc 1)
Here Comes My Girl
91.1%
Anthology: Through the Years (Disc 1)
Even the Losers
91.1%
The Live Anthology (Disc 1)
Here Comes My Girl
91.1%
The Live Anthology (Disc 2)
Wildflowers
91.1%
Greatest Hits
Listen to Her Heart
87.1%
Playback (The Big Jangle)
Listen to Her Heart
87.1%
Anthology: Through the Years (Disc 1)
Listen to Her Heart
87.1%
Mojo Tour Live
Listen to Her Heart
87.1%
Playback (Spoiled & Mistreated)
Jammin' Me
86.6%
Anthology: Through the Years (Disc 2)
Jammin' Me
86.6%
The Live Anthology (Disc 3)
Jammin' Me
86.6%
Pack Up the Plantation: Live!
Southern Accents
86.2%
Hint
Answer
% Correct
Playback (Spoiled & Mistreated)
Southern Accents
86.2%
The Live Anthology (Disc 4)
Southern Accents
86.2%
Playback (Spoiled & Mistreated)
Change of Heart
85.7%
Anthology: Through the Years (Disc 1)
Change of Heart
85.7%
Pack Up the Plantation: Live!
Insider
85.3%
Pack Up the Plantation: Live!
Rebels
85.3%
Playback (The Big Jangle)
Insider
85.3%
Playback (Spoiled & Mistreated)
Rebels
85.3%
Playback (Good Booty)
Yer So Bad
85.3%
Anthology: Through the Years (Disc 2)
Rebels
85.3%
Anthology: Through the Years (Disc 2)
Yer So Bad
85.3%
Live 2013
Rebels
85.3%
Greatest Hits
Something in the Air
84.4%
The Live Anthology (Disc 1)
Something in the Air
84.4%
Mojo Tour Live
You Don't Know How It Feels
84.4%
The Live Anthology (Disc 2)
It's Good to Be King
83.9%
Official Live 'Leg
Fooled Again (I Don't Like It)
83.5%
Pack Up the Plantation: Live!
Rockin' Around (With You)
83.5%
The Live Anthology (Disc 1)
Nightwatchman
83.5%
New Year's Eve 1978
Fooled Again (I Don't Like it)
83.5%
Playback (The Big Jangle)
Hometown Blues
82.6%
Playback (Spoiled & Mistreated)
Straight into Darkness
82.6%
Anthology: Through the Years (Disc 1)
Hometown Blues
82.6%
Anthology: Through the Years (Disc 1)
Straight into Darkness
82.6%
The Live Anthology (Disc 1)
Straight into Darkness
82.6%
Official Live 'Leg
The Wild One, Forever
82.1%
Pack Up the Plantation: Live!
Needles and Pins
82.1%
Playback (The Big Jangle)
Shadow of a Doubt (A Complex Kid)
82.1%
Playback (Good Booty)
Love Is a Long Road
82.1%
Playback (Good Booty)
Out in the Cold
82.1%
Playback (Through the Cracks)
Louisiana Rain (Original Version)
82.1%
Anthology: Through the Years (Disc 1)
The Wild One, Forever
82.1%
Anthology: Through the Years (Disc 2)
Love Is a Long Road
82.1%
The Live Anthology (Disc 3)
The Wild One, Forever
82.1%
The Live Anthology (Disc 3)
Louisiana Rain
82.1%
Live 2013
Love Is a Long Road
82.1%
Official Live 'Leg
Luna
81.7%
Pack Up the Plantation: Live!
So You Want to Be a Rock 'n' Roll Star
81.7%
Playback (The Big Jangle)
Something Big
81.7%
Playback (Spoiled & Mistreated)
So You Want to Be a Rock 'n' Roll Star
81.7%
Playback (Through the Cracks)
The Apartment Song (Demo)
81.7%
Anthology: Through the Years (Disc 2)
So You Want to Be a Rock 'n' Roll Star
81.7%
Anthology: Through the Years (Disc 2)
Two Gunslingers
81.7%
The Live Anthology (Disc 4)
Century City
81.7%
Live 2013
So You Want to Be a Rock 'n' Roll Star
81.7%
Live 2013
Two Gunslingers
81.7%
Pack Up the Plantation: Live!
It Ain't Nothin' To Me
81.3%
Playback (The Big Jangle)
Anything That's Rock 'n' Roll
81.3%
Playback (The Big Jangle)
Baby's a Rock 'n' Roller
81.3%
Playback (The Other Sides)
Kings Highway
81.3%
Playback (Through the Cracks)
Depot Street
81.3%
Mojo Tour Live
King's Highway
81.3%
Playback (The Big Jangle)
When the Time Comes
80.8%
Playback (The Big Jangle)
Too Much Ain't Enough
80.8%
Playback (Spoiled & Mistreated)
Make It Better (Forget About Me)
80.8%
Playback (Spoiled & Mistreated)
Mike's Life/Mike's World
80.8%
Playback (The Other Sides)
Heartbreakers Beach Party
80.8%
Anthology: Through the Years (Disc 1)
Too Much Ain't Enough
80.8%
The Live Anthology (Disc 3)
Spike
80.8%
The Live Anthology (Disc 4)
My Life/Your World
80.8%
The Live Anthology (Disc 5)
Too Much Ain't Enough
80.8%
New Year's Eve 1978
Too Much Ain't Enough
80.8%
Playback (The Big Jangle)
No Second Thoughts
80.4%
Playback (The Big Jangle)
A Thing About You
80.4%
Playback (Spoiled & Mistreated)
The Best of Everything
80.4%
Playback (Good Booty)
Alright for Now
80.4%
Playback (Good Booty)
Built to Last
80.4%
Playback (The Other Sides)
Casa Dega
80.4%
Playback (Nobody's Children)
Waiting for Tonight
80.4%
Anthology: Through the Years (Disc 2)
The Best of Everything
80.4%
Anthology: Through the Years (Disc 2)
Waiting for Tonight
80.4%
Anthology: Through the Years (Disc 2)
Surrender
80.4%
The Live Anthology (Disc 1)
A Thing About You
80.4%
The Live Anthology (Disc 3)
Surrender
80.4%
The Live Anthology (Disc 4)
Alright for Now
80.4%
The Live Anthology (Disc 5)
No Second Thoughts
80.4%
New Year's Eve 1978
Surrender
80.4%
New Year's Eve 1978
Mystery Man
80.4%
Live 2013
The Best of Everything
80.4%
Pack Up the Plantation: Live!
Don't Bring Me Down
79.9%
Playback (The Big Jangle)
You Can Still Change Your Mind
79.9%
Playback (Spoiled & Mistreated)
Same Old You
79.9%
Playback (Spoiled & Mistreated)
Don't Bring Me Down
79.9%
Playback (Spoiled & Mistreated)
Think About Me
79.9%
Playback (The Other Sides)
Psychotic Reaction
79.9%
The Live Anthology (Disc 5)
Think About Me
79.9%
New Year's Eve 1978
Casa Dega
79.9%
Playback (The Other Sides)
I'm Tired Joey Boy
79.5%
Pack Up the Plantation: Live!
Stories We Could Tell
79%
Playback (Spoiled & Mistreated)
It'll All Work Out
79%
Playback (Through the Cracks)
Cry to Me
79%
Anthology: Through the Years (Disc 2)
It'll All Work Out
79%
The Live Anthology (Disc 1)
I'm a Man
79%
Hint
Answer
% Correct
Official Live 'Leg
Dog on the Run
78.6%
Playback (Good Booty)
Christmas All Over Again
78.6%
Playback (The Other Sides)
Gator on the Lawn
78.6%
The Live Anthology (Disc 5)
The Last DJ
78.6%
Mudcrutch -
Extended Play Live
Crystal River
78.6%
Mojo Tour Live
I Should Have Known It
78.6%
Kiss My Amps
I Should Have Known It
78.6%
Playback (Through the Cracks)
On the Street
78.1%
The Live Anthology (Disc 1)
I'm In Love
78.1%
The Live Anthology (Disc 4)
Crawling Back to You
78.1%
Official Live 'Leg
Jaguar and Thunderbird
77.2%
Pack Up the Plantation: Live!
Shout
77.2%
New Year's Eve 1978
Shout
77.2%
Mojo Tour Live
First Flash of Freedom
77.2%
Kiss My Amps
First Flash of Freedom
77.2%
Playback (The Other Sides)
Trailer
76.8%
Bad Girl Boogie
Carol
76.8%
The Live Anthology (Disc 2)
Diddy Wah Diddy
76.8%
The Live Anthology (Disc 3)
Goldfinger
76.8%
Mojo Tour Live
Jefferson Jericho Blues
76.8%
Kiss My Amps
Jefferson Jericho Blues
76.8%
Playback (Through the Cracks)
Moon Pie
76.3%
Playback (Nobody's Children)
Baby, Let's Play House
76.3%
Playback (Nobody's Children)
Wooden Heart
76.3%
The Live Anthology (Disc 3)
Dreamville
76.3%
The Live Anthology (Disc 5)
Billy the Kid
76.3%
Mudcrutch -
Extended Play Live
High School Confidential
76.3%
Playback (Through the Cracks)
The Image of Me
75.9%
Bad Girl Boogie
I Got a Woman
75.9%
The Live Anthology (Disc 5)
Image of Me
75.9%
New Year's Eve 1978
You're Gonna Get It
75.9%
Mudcrutch -
Extended Play Live
Bootleg Flyer
75.9%
Mojo Tour Live
Running Man's Bible
75.9%
Mojo Tour Live
Good Enough
75.9%
Kiss My Amps
Running Man's Bible
75.9%
Kiss My Amps
Good Enough
75.9%
Playback (Nobody's Children)
Got My Mind Made Up
75.4%
Playback (Nobody's Children)
Up in Mississippi Tonight
75.4%
Live 2013
Tweeter and the Monkey Man
75%
Playback (Spoiled & Mistreated)
A Self-Made Man
74.1%
Playback (Through the Cracks)
The Damage You've Done (Country Version)
74.1%
The Live Anthology (Disc 5)
Like a Diamond
74.1%
The Live Anthology (Disc 4)
Oh Well
73.7%
Playback (The Other Sides)
I Don't Know What to Say to You
73.2%
The Live Anthology (Disc 1)
I Just Want to Make Love to You
73.2%
The Live Anthology (Disc 2)
Mystic Eyes
73.2%
The Live Anthology (Disc 4)
Square One
73.2%
Mojo Tour Live
Drivin' Down to Georgia
73.2%
The Live Anthology (Disc 3)
Any Way You Want It
72.8%
The Live Anthology (Disc 4)
Have Love Will Travel
72.8%
Live 2013
(I'm Not Your) Steppin' Stone
72.8%
Playback (Good Booty)
All or Nothin'
72.3%
Playback (The Other Sides)
Peace in L.A.
71.9%
The Live Anthology (Disc 1)
Lost Without You
71.9%
Live 2013
When a Kid Goes Bad
71.9%
Playback (Through the Cracks)
I Can't Fight It
71.4%
The Live Anthology (Disc 1)
Drivin' Down to Georgia
71.4%
The Live Anthology (Disc 2)
Friend of the Devil
71.4%
The Live Anthology (Disc 2)
Angel Dream (No. 2)
71.4%
Mudcrutch -
Extended Play Live
The Wrong Thing to Do
71.4%
Bad Girl Boogie
I'm Crying
71%
The Live Anthology (Disc 5)
Down South
71%
Playback (Nobody's Children)
God's Gift to Man
67.9%
Playback (The Other Sides)
Cracking Up
67.4%
Playback (Nobody's Children)
Travelin'
67.4%
Kiss My Amps
Sweet William
67.4%
Playback (Through the Cracks)
Keeping Me Alive
65.6%
Playback (The Other Sides)
Make That Connection
65.2%
Live 2013
Willin'
65.2%
Playback (Nobody's Children)
Come on Down to My House
64.3%
The Live Anthology (Disc 5)
County Farm
64.3%
Playback (The Other Sides)
Down the Line
63.8%
The Live Anthology (Disc 3)
Green Onions
63.4%
Playback (Nobody's Children)
You Come Through
62.9%
Playback (Through the Cracks)
Since You Said You Loved Me
62.5%
Playback (Through the Cracks)
Turning Point
62.5%
Playback (Nobody's Children)
You Get Me High
61.2%
Bad Girl Boogie
Done Somebody Wrong
59.8%
Playback (Nobody's Children)
Ways to Be Wicked
59.4%
Playback (Through the Cracks)
Big Boss Man
58.5%
The Live Anthology (Disc 3)
Melinda
58.5%
Kiss My Amps
Takin' My Time
58.5%
Playback (The Other Sides)
It's Rainin' Again
57.1%
The Live Anthology (Disc 5)
Born in Chicago
55.4%
Playback (The Other Sides)
Lonely Weekends
54.9%
Playback (The Other Sides)
Somethin' Else
54.9%
Playback (Nobody's Children)
Can't Get Her Out
51.8%
Live 2013
Baby, Please Don't Go
50.9%
The Live Anthology (Disc 5)
Ballad of Easy Rider
50%
The Live Anthology (Disc 2)
I Want You Back Again
49.6%
The Live Anthology (Disc 5)
I'd Like to Love You Baby
47.8%
The Live Anthology (Disc 4)
Good, Good Lovin'
39.7%
Quiz Playlist
Details
Report
Send in Message
Add To Playlist
Classic:
Type in answers that appear in a list
Last Updated: Oct 3, 2017
Quiz Scoreboard
CHALLENGE
Sign Up to Join the Scoreboard
Show All
Scores
Hide
Comments
May contain spoilers
Recently Published
NBA Finals Game Top Scorers (2010s)
by flibbidy
Sports
5m
Guess the 'R' Things in 3 Words
by MSUKent
Miscellaneous
3m
Actor to Badly Drawn Movie III
by MoMosMoProblems
Movies
5m
More to Explore
Quiz From the Vault
Featured Blog Post
Where Does Lost Luggage Go?
hide this ad
You Might Also Like...
Tags
Heartbreakers Songs
Rock and Roll Hall of Fame
Rock Band
Rock Songs
The Heartbreakers
Tom Petty
Today's Top Quizzes in Music
Browse Music
hide this ad
Today's Top Quizzes in Tom Petty
Browse Tom Petty
Top Contributed Quizzes in Music
1
Taylor Swift All Songs (2024)
2
Image Sorting: Rock Albums II
3
Image Sorting: Rock Albums III
4
Image Sorting: Rock Albums IV
5
Image Sorting: Rock Albums V
6
Image Sorting: Rock Albums VI
7
Taylor Swift Logic Puzzle
8
Adjectives in 80s Songs
9
Image Sorting: Album Titles
10
Nickname Match: Musicians
Explore More
Trending Topics
Crossword
Marvel
Harry Potter
NBA
Anime
Kpop
Disney
Pokémon
Country
The Office
NFL
Song
WWE
Puzzle
Soccer
hide this ad
More By:
Kent
Quiz
Plays
Rating
Category
Featured
Created
Replacements Songs
845
4.29
Music
Sep 29, 2009
Eagles 'Their Greatest Hits' Song Spree
776
4.92
Music
Dec 27, 2016
10 to 1: Rolling Stones Songs
746
4.00
Music
Dec 8, 2016
Every Clash Song
588
5.00
Music
Dec 14, 2017
The Beatles 'Sgt. Pepper' Song Spree
422
4.60
Music
Jan 18, 2017
Go to Creator's Profile
Score Distribution
Quiz Creator Spotlight
Kent
Follow
Send a Message
Quizzes Created
-
Created Quiz Play Count
-
More By This Creator
Popular Quizzes Today
1
Find the US States - No Outlines Minefield
2
Find the US States
3
The Countries of the World
4
10 Largest US States in Order
5
Find the Countries of Europe - No Outlines Minefield
6
US States
7
Guess the 'R' Things in 3 Words
8
NBA Finals Game Top Scorers (2010s)
More Music Quizzes
K-POP Group by Description 2
Quiz Lab
Trending Quizzes
First Name TV: Leading Men
Match the Book to the Film II
First Name TV: Leading Women Drama
Match the Book to the Film VI
3-Word Movies in 1 Word II
Recently Updated
Women's Final Four Teams by Year
bhenderson79
Presidents Quartet II
eogle
Anything But Clue(do)
eogle
Anything But Oceanian Capitals
eogle
Anything But 7
eogle
Anything But Thing
eogle
Word Ladder: February 29
pecheneg
Song Title Questions
pecheneg
Women's NCAA Tournament #1 Seeds
pecheneg
Celebrity Mug Shots
pecheneg
Trending Topics
Marvel
Crossword
Disney
Anime
NBA
Harry Potter
Kpop
Country
NFL
Song
Pokémon
Puzzle
Soccer
The Office
WWE
Your Account Isn't Verified!
In order to create a playlist on Sporcle, you need to verify the email address you used during registration. Go to your
Sporcle Settings
to finish the process.
Report this User
Report this user for behavior that violates our
Community Guidelines
.
Details:
Send Report
Go to the Sporcle.com Mobile Site →
Comments